000 00515nam a2200181Ia 4500
005 20250508160506.0
008 008 250505s9999 xx 000 0 eng d
037 _aTextual
040 _aFEDL
_beng
_cFEDL
041 _aeng
_2eng
084 _a425.9, WOO
_qFEDL
100 _aWood Frederick T
_968290
245 0 _aEnglish prepositional idioms
260 _aLondon, UK
_bThe Macmillan and Company Limited
_c1967
300 _avii,561p.
942 _cTEXL
_h425.9, WOO
999 _c1364939
_d1364939